000 00750nam a2200253 i 4500
001 000030397
003 DO-SdBNP
005 20230525113017.0
007 ta
008 110516s2000 dr a 000 | spa d
020 _a9803663690
040 _aDO-SdBNP
_bspa
_cBNPHU
_erda
082 4 _bD545
_222
245 0 0 _aDiccionario escolar :
_bzumbador /
_ccolaborador, Banaahi Severino
264 0 _aSanto Domingo :
_bActualidad Escolar,
_c2000.
300 _a255 paginas :
_bilustraciones ;
_c29 cm.
336 _atexto
_btxt
_2rdacontent
337 _asin mediación
_bn
_2rdamedia
338 _avolumen
_bnc
_2rdacarrier
590 _ainventariado, 2023 / DG
700 1 _aSeverino, Banaahi,
_ecolaborador
_944156
910 _aDG
942 _2ddc
_cLBS1
999 _c53604
_d53604